Panorama de la música contemporánea

Saved in:
書目詳細資料
主要作者: Samuel, Claude (Author)
格式: 圖書
語言:西班牙语
出版: Madrid Guadarrama 1965
叢編:Coleccion Panoramas, 8
主題:
標簽: 添加標簽
沒有標簽, 成為第一個標記此記錄!

MARC

LEADER 00000nam a2200000 a 4500
001 UCY0901
003 CL-VaPUC
005 20231024143813.0
008 940816e19650000SP |||||||||||||||||spa|d
999 |c 229781  |d 229779 
040 |c Pontificia Universidad Católica de Valparaíso 
082 0 4 |a 780.904 SAM 1965  |2 21 
100 0 |a Samuel, Claude  |e author  |9 328751 
245 1 0 |a Panorama de la música contemporánea 
260 |a Madrid  |b Guadarrama  |c 1965 
300 |a 692 p 
490 0 |a Coleccion Panoramas, 8 
583 |a last modification  |c 20160901 11:25:10  |k Rodrigo Vera 
650 0 |a Música, siglo 20  |9 324961 
650 0 |a Historia y crítica   |9 257407 
942 |c BK  |2 ddc 
945 |d 19940816 00:00:00  |a oaravena 
952 |0 0  |1 0  |4 0  |6 780_904000000000000_SAM_1965  |7 0  |8 P  |9 231359  |a BIBARQ  |b BIBARQ  |d 2019-11-15  |i 2951371  |o 780.904 SAM 1965  |p 2951371  |r 2025-01-20  |w 2019-11-15  |y BK  |k ARQ 
952 |0 0  |1 0  |4 0  |6 780_904000000000000_SAM_1965  |7 0  |8 A  |9 231360  |a BIBEDU  |b BIBEDU  |d 2019-11-15  |h v.1  |i 123336K  |o 780.904 SAM 1965  |p 123336K  |r 2022-03-17  |w 2019-11-15  |y BK  |k MUS 
952 |0 0  |1 0  |4 0  |6 780_904000000000000_SAM_1965  |7 0  |8 A  |9 231361  |a BIBEDU  |b BIBEDU  |d 2019-11-15  |h v.2  |i 1233378  |o 780.904 SAM 1965  |p 1233378  |r 2022-01-17  |w 2019-11-15  |y BK  |k MUS 
952 |0 0  |1 0  |4 0  |6 780_904000000000000_SAM_1965  |7 0  |8 A  |9 231362  |a BIBEDU  |b BIBEDU  |d 2019-11-15  |h v.3  |i 4674545  |o 780.904 SAM 1965  |p 4674545  |r 2023-01-12  |w 2019-11-15  |y BK  |k MUS